000 00649nam a2200193Ia 4500
005 20250508160516.0
008 008 250505s9999 xx 000 0 hin d
037 _aTextual
040 _aFEDL
_beng
_cFEDL
041 _ahin
_2eng
084 _a103, IND
_qFEDL
245 0 _aMaanviki - shabdawali III: Samaj - vigyan, samajik manovigyan aure samaj - karya - vigyan
245 0 _cGovernment of India. Ministry of Education
260 _aNew Delhi, India
_bStanding Commission for Scientific and Technical Terminology
_c1967
300 _axxiv,88p
650 _aPhilosophy
942 _cTEXL
_h103, IND
999 _c1365056
_d1365056